|
|
|
|
| LEADER |
00000nam a2200000Ii 4500 |
| 001 |
DIGEDICNSB0181 |
| 003 |
NyNyDIG |
| 007 |
cr ||||||||||| |
| 008 |
221020s2015 sp o 00 f0spa |
| 006 |
m o d |
| 035 |
|
|
|a (OCoLC)941951502
|
| 040 |
|
|
|a DGITA
|b eng
|e rda
|e pn
|c DGITA
|
| 041 |
1 |
|
|a spa
|h eng
|
| 020 |
|
|
|a 9788490691793
|q eBook
|
| 020 |
|
|
|z 9788490701270
|
| 050 |
1 |
4 |
|a PR6060.A467 ebook
|
| 100 |
1 |
|
|a James, P. D.,
|e author.
|
| 240 |
1 |
0 |
|a Time to be in earnest.
|l Spanish
|s (Simó)
|
| 245 |
1 |
3 |
|a La hora de la verdad /
|c P. D. James ; traducción de Victoria Simó.
|
| 250 |
|
|
|a Edición en formato digital.
|
| 264 |
|
1 |
|a Barcelona (España) :
|b Ediciones B,
|c [2015]
|
| 300 |
|
|
|a 1 online resource.
|
| 336 |
|
|
|a text
|b txt
|2 rdacontent
|
| 337 |
|
|
|a computer
|b c
|2 rdamedia
|
| 338 |
|
|
|a online resource
|b cr
|2 rdacarrier
|
| 347 |
|
|
|a text file
|2 rdaft
|
| 347 |
|
|
|b EPUB
|
| 500 |
|
|
|a "(Un año de mi vida)."
|
| 588 |
0 |
|
|a Online resource; title from ePub title page (Digitalia, viewed October 20, 2022)
|
| 600 |
1 |
0 |
|a James, P. D.
|x Diaries.
|
| 650 |
|
0 |
|a Novelists, English
|y 20th century
|v Diaries.
|
| 650 |
|
0 |
|a Detective and mystery stories
|x Authorship.
|
| 655 |
|
7 |
|a Novels.
|2 lcgft
|
| 700 |
1 |
|
|a Simó, Victoria,
|e translator.
|
| 700 |
1 |
|
|i Translation of:
|a James, P. D.
|t Time to be in earnest.
|
| 791 |
2 |
|
|a Digitalia (Firm),
|e distributor.
|
| 793 |
0 |
|
|g Digitalia eBook Collection:
|a Ediciones B
|
| 776 |
0 |
8 |
|i Print version:
|a James, P. D.
|s Time to be in earnest. Spanish (Simó).
|t Hora de la verdad.
|d Barcelona (España) : Ediciones B, [2015]
|z 9788490701270
|
| 856 |
4 |
0 |
|3 Digitalia Hispánica
|u https://www.digitaliapublishing.com/a/54253/
|
| 910 |
|
|
|a Premium collection: 2022
|